| 000 | 00391nam a22001337a 4500 | ||
|---|---|---|---|
| 005 | 20250901165759.0 | ||
| 008 | 241209b |||||||| |||| 00| 0 eng d | ||
| 020 | _89789914983784 | ||
| 050 | _aPL 8708 .N53 2024 | ||
| 245 |
_aDuniani Nitagura _bDiwani ya Mashairi _cNickson Hamisi, et.al |
||
| 250 | _aLatest edition | ||
| 260 |
_aNairobi, Kenya _bThe writers pen publishers _c2024 |
||
| 942 | _2lcc | ||
| 999 |
_c9181 _d9181 |
||